Analýza vybraných problémov vývoja osobnej spotreby obyvateľstva v ČSSR v r. 1970-1985

Gespeichert in:
Bibliographische Detailangaben
1. Verfasser: Fronková, Viola
Weitere Verfasser: Daneková, Z., Pilková, J.
Format: Buch
Sprache:Slowakisch
Veröffentlicht: Bratislava Ústredný ústav národohospodárskeho výskumu 1986
Tags: Tag hinzufügen
Keine Tags, Fügen Sie das erste Tag hinzu!

MARC

LEADER 00000nam a2200000 4500
001 c029515
005 20251111093827.7
041 0 |a slo 
044 |a SK 
245 1 0 |a Analýza vybraných problémov vývoja osobnej spotreby obyvateľstva v ČSSR v r. 1970-1985  |c V. Fronková, Z. Daneková, J. Pilková 
264 1 |a Bratislava  |b Ústredný ústav národohospodárskeho výskumu  |c 1986 
300 |a 156 s. 
100 1 |a Fronková, Viola 
700 1 |a Daneková, Z. 
700 1 |a Pilková, J.